000 00776nam a2200193 a 4500
001 BRCA_1871
005 20190320203600.0
008 090608s1982----mx-a---###---#000-0#spa-#
020 _a9685803269
050 4 _aND808
_b.L56 1982
245 1 0 _aLínea, espacio y expresión en la pintura española actual.
260 _aMéxico
_bUNAM, Centro de Investigación y Servicios Museológicos
_c1982
300 _a121 p.
_bil.
_c25 cm.
500 _aCatálogo de la exposición realizada en el Museo Universitario de Ciencias y Arte de la UNAM (Ciudad de México), mayo-julio, 1982
650 1 4 _aPintura española
_vCatálogos
_xExpresionismo
_95791
650 1 4 _aPintura contemporánea
_vExposiciones
_zEspaña
_95792
650 1 4 _aPintores españoles
_ySiglo XX
_95793
942 _2lcc
_cB
999 _c1648
_d1648